La actividad de la administración (Registro nro. 313668)

Detalles MARC
000 -ENCABEZADO
Número de control [NR] 00765nam a2200205 a 4500
005 - FECHA Y HORA DE LA ÚLTIMA TRANSACCIÓN
control field 20210513153033.0
008 - DE LONGITUD FIJA DE DATOS DE ELEMENTOS - INFORMACIÓN GENERAL
Elementos de longitud fija [NR] 210513s1983 sp |||gr|||| 00| 0 spa d
020 ## - NUMERO INTERNACIONAL NORMALIZADO PARA LIBROS [R]
Número Internacional Normalizado del libro [NR] 843090977X
040 ## - FUENTE DE CATALOGACION [NR]
Agencia de catalogación original [NR] CO-BoUCM
Idioma de catalogación [NR] spa
Quien Cataloga Deissy Garcia
Quien Clasifica Deissy Garcia
041 0# - CODIGO DE IDIOMA [R]
Código de idioma para texto/pista de sonido o título separado [R] Español
100 1# - ASIENTO PRINCIPAL--NOMBRE PERSONAL [NR]
Nombre personal [NR] Cuétara Martínez, Juan Miguel de la
ID Autoridad 103424
245 13 - MENCION DE TITULO [NR]
Título [NR] La actividad de la administración
Parte restante del título [NR] lecciones de derecho administrativo
Mención de responsabilidad, etc. [NR] Juan Miguel de la Cuétara
260 ## - PUBLICACION, DISTRIBUCION, ETC. (PIE DE IMPRENTA) [R]
Lugar de publicación, distribución, etc. [R] Madrid
Nombre del editor, distribuidor, etc. [R] Tecnos
Fecha de publicación, distribución, etc. [R] 1983
300 ## - DESCRIPCION FISICA [R]
Extensión [R] 605 páginas
490 0# - MENCION DE SERIE [R]
Mención de serie [R] Biblioteca universitaria de Editorial Tecnos
504 ## - NOTA DE BIBLIOGRAFIA, ETC. [R]
Nota de bibliografía, etc. [NR] Incluye referencias bibliográficas
650 ## - ASIENTO SECUNDARIO DE MATERIA - TERMINO TEMATICO [R]
Término temático o nombre geográfico como elemento de entrada [NR] Derecho administrativo
Subdivisión geográfica [R] España
9 (RLIN) 59076
942 ## - ELEMENTOS DE ENTRADA AGREGADOS (KOHA)
Tipo de ítem principal el descrito en 300a Libro
Sistema de clasificación DEWEY
Tema principal Derecho
Edición 1
Clasificación 342.4606
Parte restante de la signatura top. C965a
Título oculto en OPAC No
Existencias
Signatura topográfica Código de barras Última vez visto Ejemplar Costo de reposición Price effective from Tipo de ítem Perdido Sistema de clasificación Dañado No prestable Tipo de ítem específico Suprimido Ubicación habitual Ubicación actual Localización Fecha de creación Proveedor Forma de adquisición Costo
342.4606 C965a 100162158 06/12/2024 Ej.1 26000.00 19/06/2019 Libro   DEWEY     Libro   BodegaJK Claustro Préstamo 2 días después de solicitado 19/06/2019 12 Donación 0.00